El cine a vista de pájaro. (Record no. 44713)
[ view plain ]
| 000 -LEADER | |
|---|---|
| campo de control de longitud fija | 00618nam a2200205 i 4500 |
| 001 - NÚMERO DE CONTROL | |
| campo de control | 44713 |
| 003 - IDENTIFICADOR DE NÚMERO DE CONTROL | |
| campo de control | ES-MaACL |
| 005 - FECHA Y HORA DE LA ÚLTIMA TRANSACCIÓN | |
| campo de control | 20250814090907.0 |
| 007 - CAMPO FIJO DE DESCRIPCIÓN FÍSICA--INFORMACIÓN GENERAL | |
| campo de control de longitud fija | t| |
| 008 - DATOS DE LONGITUD FIJA--INFORMACIÓN GENERAL | |
| campo de control de longitud fija | 030324q1930 sp ||||1| spa d |
| 245 03 - MENCIÓN DEL TÍTULO | |
| Título | El cine a vista de pájaro. |
| 260 ## - PUBLICACIÓN, DISTRIBUCIÓN, ETC. | |
| Lugar de publicación, distribución, etc. | Barcelona : |
| Nombre del editor, distribuidor, etc. | [s.n., |
| Fecha de publicación, distribución, etc. | 1930?] ( |
| Fabricante | Flos) |
| 300 ## - DESCRIPCIÓN FÍSICA | |
| Extensión | v. : |
| Otras características físicas | il. ; |
| Dimensiones | 22 cm. |
| 505 1# - NOTA DE CONTENIDO CON FORMATO | |
| Nota de contenido con formato | I. Lección primera, 32 p. |
| 594 ## - Nota al título y mención de responsabilidad | |
| Nota al título y mención de responsabilidad | Precede al tít.: Cinescola. Barcelona. Cursos ad hoc por correspondencia. |
| 650 07 - PUNTO DE ACCESO ADICIONAL DE MATERIA--TÉRMINO DE MATERIA | |
| Término de materia o nombre geográfico como elemento de entrada | Cinematografía |
| Fuente del encabezamiento o término | embne |
| 9 (RLIN) | 11038 |
| 710 2# - ENTRADA AGREGADA--NOMBRE DE ENTIDAD CORPORATIVA | |
| Nombre de entidad corporativa o nombre de jurisdicción como elemento de entrada | Cinescola (Barcelona) |
| 9 (RLIN) | 2807 |
| 852 ## - LOCALIZACIÓN | |
| Ubicación | ES-MaACL |
| Número de control de estantería | 1554-F-7 |
| Estatus retirado | Estado de pérdida | Estado de daño | No para préstamo | Colección | Biblioteca de origen | Biblioteca actual | Ubicación en estantería | Fecha de adquisición | Fuente de adquisición | Total de préstamos | Signatura topográfica completa | Código de barras | Visto por última vez | Precio de reemplazo | Tipo de ítem Koha |
|---|---|---|---|---|---|---|---|---|---|---|---|---|---|---|---|
| Colección de folletos | Biblioteca del Ateneo de Madrid | Biblioteca del Ateneo de Madrid | Depósito folletos | 17/01/2008 | 1554-F-7 | 1047059 | 23/02/2023 | 23/02/2023 | Folleto |
